Đồng bằng sông Cửu Long : Nội san

Quyển sách trình bày những kết quả của công tác điều tra cơ bản tổng hợp vùng Đồng bằng sông Cửu Long năm 1987 trên tất cả các lĩnh vực từ dân số, lao động, đời sống vật chất và văn hóa, hệ sinh thái và hệ tộc người, kinh tế tài c...

Szczegółowa specyfikacja

Zapisane w:
Opis bibliograficzny
Format: Książka
Język:Undetermined
Wydane: Thành phố Hồ Chí Minh [Tổng hợp Thành phố Hồ Chí Minh] 1987
Hasła przedmiotowe:
Etykiety: Dodaj etykietę
Nie ma etykietki, Dołącz pierwszą etykiete!
Thư viện lưu trữ: Trung tâm Học liệu Trường Đại học Cần Thơ
LEADER 01021nam a2200193Ia 4500
001 CTU_138880
008 210402s9999 xx 000 0 und d
082 |a 330.95978 
082 |b Đ455/1987 
245 0 |a Đồng bằng sông Cửu Long : 
245 0 |b Nội san 
260 |a Thành phố Hồ Chí Minh 
260 |b [Tổng hợp Thành phố Hồ Chí Minh] 
260 |c 1987 
520 |a Quyển sách trình bày những kết quả của công tác điều tra cơ bản tổng hợp vùng Đồng bằng sông Cửu Long năm 1987 trên tất cả các lĩnh vực từ dân số, lao động, đời sống vật chất và văn hóa, hệ sinh thái và hệ tộc người, kinh tế tài chính,... 
650 |a Mekong River Delta,Kinh tế, xã hội Đồng bằng sông Cửu Long 
650 |x Economic geography 
904 |i Năm 
980 |a Trung tâm Học liệu Trường Đại học Cần Thơ